00357 a2200109 4500001000900000005001700009008004100026245009400067100002700161773004200188999001700230ART_638520260410161619.0260409a 10aLa actuación del contador público en el asesoramiento comercial a Pymes y franchising1 aRodríguez, Raquel E.0 tEnfoquesg- Nº 3 (mar. 2009)wREV416 c11408d11408